|
|
|
|
| LEADER |
01146nam a2200265 a 4500 |
| 001 |
GR-Antirio1033 |
| 008 |
140702s2008 nyu g b 001 0 eng d |
| 020 |
|
|
|a 1420062212
|
| 040 |
|
|
|a GrPaTEI
|b gre
|c GR-PaULI
|
| 040 |
|
|
|a GrPaTEI
|b gre
|c GR-PaULI
|
| 082 |
|
0 |
|a 621.384
|2 22
|
| 100 |
1 |
|
|a Sarkar, Subir Kumar
|
| 245 |
1 |
0 |
|a Ad hoc mobile wireless networks :
|b principles, protocols, and applications /
|c Subir Kumar Sarkar, T.G. Basavaraju, C. Puttamadappa.
|
| 260 |
|
|
|a New York :
|b Auerbach Publications,
|c 2008
|
| 300 |
|
|
|a xv, 312 σ. :
|b εικ.
|
| 504 |
|
|
|a Περιλαμβάνει βιβλιογραφίες και ευρετήριο.
|
| 650 |
|
0 |
|a INTERNETWORKING (TELECOMMUNICATION)
|
| 650 |
1 |
0 |
|a Wireless communication systems
|
| 700 |
1 |
|
|a Basavaraju, T. G.
|
| 700 |
1 |
|
|a Puttamadappa, C.
|
| 710 |
0 |
|
|a Auerbach Publication
|
| 942 |
|
|
|2 ddc
|
| 952 |
|
|
|0 0
|1 0
|2 ddc
|4 0
|6 621_384000000000000_SAR
|7 0
|9 262778
|a LISK-2
|b LISK-2
|c BSC
|d 2021-01-17
|e 24
|f 0
|g 0.00
|l 0
|o 621.384 SAR
|p 2430000007398
|r 2021-01-17 00:00:00
|t 1
|w 2021-01-17
|y BK15
|x 20140702 0 ΧΑΣΑΝΗ 1
|x GrPaTEI - Antirrio
|
| 971 |
|
|
|a .b25708326
|b 15-04-20
|c 12-09-16
|
| 999 |
|
|
|c 151387
|d 151387
|